| 000 | 00732nam a2200217 a 4500 | ||
|---|---|---|---|
| 001 | BRCA_1810 | ||
| 005 | 20190320203547.0 | ||
| 008 | 750310s1980 nyua---###---#001-0#eng-# | ||
| 020 | _a0517256010 | ||
| 040 |
_aDLC _cDLC _dDLC |
||
| 050 | 4 |
_aNA200 _b.G76 1980 |
|
| 245 | 1 | 0 |
_aGreat Architecture of the World _ban Illustrated History from Stonehenge to the Twentieth Century _cgeneral editor John Julius Norwich. |
| 260 |
_aNew York _bBonanza Books _c1980 |
||
| 300 |
_a288 p. _bil. (algunas a color) _c30 cm. |
||
| 500 | _aIncluye índice onomástico | ||
| 500 | _aColección Sonia Corcuera de Mancera | ||
| 650 | 1 | 4 |
_aArquitectura _xHistoria _91467 |
| 700 | 1 |
_aNorwich, John Julius _d1929- _95637 |
|
| 902 | _aDSC | ||
| 942 |
_2lcc _cB |
||
| 999 |
_c1591 _d1591 |
||